000 00315nam a22001337a 4500
008 181015b xxu||||| |||| 00| 0 eng d
020 _a0070238154
041 _aeng
080 _a610.73
100 _a2
101 _aINF
245 _aNursing Diagnosis Process And Application
_cGordon.M
942 _2udc
_cBK
999 _c49779
_d49779